<?xml version="1.0" encoding="UTF-8"?>
<record
    xmlns:xsi="http://www.w3.org/2001/XMLSchema-instance"
    xsi:schemaLocation="http://www.loc.gov/MARC21/slim http://www.loc.gov/standards/marcxml/schema/MARC21slim.xsd"
    xmlns="http://www.loc.gov/MARC21/slim">

  <leader>01899agaaa2200313   4500</leader>
  <controlfield tag="001">5810</controlfield>
  <controlfield tag="003">IT-RoPAU</controlfield>
  <controlfield tag="005">20220918181232.0</controlfield>
  <controlfield tag="007">d cvaizq</controlfield>
  <controlfield tag="008">50131s9999||||xx ||| |     ||   ||und||</controlfield>
  <datafield tag="040" ind1=" " ind2=" ">
    <subfield code="a">IT-RoPAU</subfield>
    <subfield code="c">IT-RoPAU</subfield>
  </datafield>
  <datafield tag="041" ind1=" " ind2=" ">
    <subfield code="a">ITALIANO</subfield>
  </datafield>
  <datafield tag="100" ind1=" " ind2=" ">
    <subfield code="a">Mertes Raffaele</subfield>
    <subfield code="g">Codice regista SPICS: 58057</subfield>
    <subfield code="9">40964</subfield>
  </datafield>
  <datafield tag="130" ind1=" " ind2=" ">
    <subfield code="a">SAN GIOVANNI - L'APOCALISSE</subfield>
    <subfield code="9">40965</subfield>
  </datafield>
  <datafield tag="245" ind1=" " ind2=" ">
    <subfield code="a">SAN GIOVANNI - L'APOCALISSE</subfield>
    <subfield code="c">Prodotto da: Bernabei Luca Lucidi -- Sceneggiatura: Pagano Gianmario Mertes Raffaele Contaldo Francesco -- Diretto da: Mertes Raffaele</subfield>
    <subfield code="p">SAN GIOVANNI - L'APOCALISSE (Rif. Codice opera principale : H5810)</subfield>
  </datafield>
  <datafield tag="250" ind1=" " ind2=" ">
    <subfield code="a">Edizione Standard</subfield>
  </datafield>
  <datafield tag="260" ind1=" " ind2=" ">
    <subfield code="a">ITALIA (ITA - FRA - GER - UK)</subfield>
    <subfield code="b">LUX VIDE - RAI FICTION / Distribuzione: MULTIMEDIA SAN PAOLO</subfield>
    <subfield code="g">"2002 (1&#xB0; ed.: 2005 ; Ed. Lingua Orig.: 2002)"</subfield>
  </datafield>
  <datafield tag="300" ind1=" " ind2=" ">
    <subfield code="a">DVD</subfield>
    <subfield code="b">sonoro, col.</subfield>
    <subfield code="c">93 minuti</subfield>
  </datafield>
  <datafield tag="508" ind1=" " ind2=" ">
    <subfield code="a">"Fotografia: Galasso Giovanni; Montaggio: Marchetti Elisabetta; Musica: Frisina Marco; Sceneggiatura: Pagano Gianmario Mertes Raffaele Contaldo Francesco; Scenografia: Biagetti Paolo; "</subfield>
  </datafield>
  <datafield tag="511" ind1=" " ind2=" ">
    <subfield code="a">"Harris Richard; Belvedere Vittoria; Sadler Benjamin; Kohlund Christian; Sander Erol"</subfield>
  </datafield>
  <datafield tag="520" ind1=" " ind2=" ">
    <subfield code="a">"EPISODIO DELLA SERIE LE STORIE DELLA BIBBIA. IL FILM RICOSTRUISCE IL CONTESTO STORICO IN CUI GIOVANNI OPERA E TRASMETTE IL SUO MESSAGGIO ALLE SETTE COMUNITA' CRISTIANE D'ORIENTE. UN MESSAGGIO DI SPERANZA , NONSTANTE LA RIVELAZIONE DI VISIONI TANTO DRAMMATICHE. CONTENUTI EXTRA: BAKSTAGE; FILMOGRAFIEESSENZIALI; SCHEDA BIBLICA."</subfield>
  </datafield>
  <datafield tag="538" ind1=" " ind2=" ">
    <subfield code="a">PAL, STEREO</subfield>
  </datafield>
  <datafield tag="546" ind1=" " ind2=" ">
    <subfield code="a">ITALIANO</subfield>
  </datafield>
  <datafield tag="650" ind1=" " ind2=" ">
    <subfield code="a">BIBLICO</subfield>
    <subfield code="e">DVD-FILM [DVD]</subfield>
    <subfield code="x">Codice MATERIA SPICS: 9947</subfield>
    <subfield code="9">40966</subfield>
  </datafield>
  <datafield tag="700" ind1=" " ind2=" ">
    <subfield code="a">Frisina Marco</subfield>
    <subfield code="e">(musica)</subfield>
    <subfield code="g">Codice Musica SPICS: 38406</subfield>
    <subfield code="9">40967</subfield>
  </datafield>
  <datafield tag="700" ind1=" " ind2=" ">
    <subfield code="a">Mertes Raffaele </subfield>
    <subfield code="e">(regista)</subfield>
    <subfield code="g">Codice regista SPICS: 58057</subfield>
    <subfield code="9">40968</subfield>
  </datafield>
  <datafield tag="700" ind1=" " ind2=" ">
    <subfield code="a">Pagano Gianmario </subfield>
    <subfield code="e">(soggetto)</subfield>
    <subfield code="g">Codice Soggetto SPICS: 52262</subfield>
    <subfield code="9">40969</subfield>
  </datafield>
  <datafield tag="942" ind1=" " ind2=" ">
    <subfield code="c">DV</subfield>
    <subfield code="2">ddc</subfield>
  </datafield>
  <datafield tag="999" ind1=" " ind2=" ">
    <subfield code="c">105359</subfield>
    <subfield code="d">105359</subfield>
  </datafield>
  <datafield tag="952" ind1=" " ind2=" ">
    <subfield code="0">0</subfield>
    <subfield code="1">0</subfield>
    <subfield code="4">0</subfield>
    <subfield code="6">H_5810_000000000000000</subfield>
    <subfield code="7">1</subfield>
    <subfield code="a">SPICS</subfield>
    <subfield code="b">SPICS</subfield>
    <subfield code="d">2015-01-31</subfield>
    <subfield code="l">0</subfield>
    <subfield code="o">H5810</subfield>
    <subfield code="r">2015-01-31 00:00:00</subfield>
    <subfield code="w">2015-01-31</subfield>
    <subfield code="y">DV</subfield>
    <subfield code="z">Progr. Ins.: 3330 / N.Vol.:1 / Copie: 1 / Pag.:0 / Copia rara: n.d. / date import: 1.2.2015 / By Epidotti, Trombetti, Vaglietti</subfield>
  </datafield>
</record>
